00783cam a22002537a 4500003000500000005001700005008004100022010001000063011001000073020001300083035001000096040000900106082001600115100002600131245007700157260006000234300001100294410005200305650002600357650003400383650003500417700002500452810005200477CHAP20220329141926.0980624 1982 us r 00010 eng d a75815 a76787 a00650684 a86376 cCHAP04a338.19bH3100aHadwiger, Don F.eed.10aFood policy and farm programsced. by Don F. Hadwiger and Ross B. Talbot aNew York, N.Y. :bAcademic of Political Science,c1982. a254 p. aProceedings of the Academy of Political Science14aAgricultura y Estado.14aPolítica agrícolazE.U.A.14aPolítica alimentariaxE.U.A.0 aTalbot, Ross B.eed.00aProceedings of the Academy of Political Science